Online
Catalog

Kutani ware / (Record no. 1301)

MARC details
000 -CABECERA
campo de control de longitud fija 00954cam a2200289 a 4500
001 - NÚMERO DE CONTROL
campo de control 000001377
005 - FECHA Y HORA DE LA ÚLTIMA TRANSACCIÓN
campo de control 20200929145547.0
008 - DATOS DE LONGITUD FIJA--INFORMACIÓN GENERAL
campo de control de longitud fija 781128s1979 ja a b 001 0 eng
020 ## - NÚMERO INTERNACIONAL ESTÁNDAR DEL LIBRO
Número Internacional Estándar del Libro 0870113224
040 ## - FUENTE DE LA CATALOGACIÓN
Centro catalogador/agencia de origen DO-SdBNP
Centro/agencia transcriptor DLC
Centro/agencia modificador DLC
041 17 - CÓDIGO DE LENGUA
Código de lengua del texto/banda sonora o título independiente eng
Código de lengua original jpn
Fuente del código Código de idioma MARC
082 ## - NÚMERO DE LA CLASIFICACIÓN DECIMAL DEWEY
Número de clasificación 738.27
Número de documento/Ítem N163k
100 1# - ENTRADA PRINCIPAL--NOMBRE DE PERSONA
Nombre de persona Nakagawa, Sensaku,
Fechas asociadas al nombre 1910-
9 (RLIN) 4609
240 10 - TÍTULO UNIFORME
Título uniforme Kutani-yaki.
Lenguaje de la obra English
245 10 - MENCIÓN DE TÍTULO
Título Kutani ware /
Mención de responsabilidad, etc. Sensaku Nakagawa ; traducción de John Bester.
260 ## - PUBLICACIÓN, DISTRIBUCIÓN, ETC.
Lugar de publicación, distribución, etc. Tokyo, Japan :
Nombre del editor, distribuidor, etc. Kodansha International,
Fecha de publicación, distribución, etc. 1979.
300 ## - DESCRIPCIÓN FÍSICA
Extensión 181 p. :
Otras características físicas il. ;
Dimensiones 27 cm.
490 1# - MENCIÓN DE SERIE
Mención de serie Japanese arts library
Designación de volumen o secuencia no. 7
534 ## - NOTA SOBRE LA VERSIÓN ORIGINAL
Encabezamiento principal del original Título Original:
Mención de título del original Kutani-yaki.
504 ## - NOTA DE BIBLIOGRAFÍA, ETC.
Nota de bibliografía, etc. Bibliografía: p. 171-175.
500 ## - NOTA GENERAL
Nota general Incluye índice.
650 #4 - PUNTO DE ACCESO ADICIONAL DE MATERIA--TÉRMINO DE MATERIA
Término de materia o nombre geográfico como elemento de entrada Porcelana japonesa
9 (RLIN) 4610
650 #4 - PUNTO DE ACCESO ADICIONAL DE MATERIA--TÉRMINO DE MATERIA
Término de materia o nombre geográfico como elemento de entrada Porcelana china
9 (RLIN) 4611
700 1# - PUNTO DE ACCESO ADICIONAL--NOMBRE DE PERSONA
Nombre de persona Bedter, John,
Término indicativo de función/relación tr.
9 (RLIN) 4612
830 #0 - PUNTO DE ACCESO ADICIONAL DE SERIE-TÍTULO UNIFORME
Título uniforme Japanese arts library ;
Designación de volumen o secuencia no. 7.
9 (RLIN) 4613
910 ## - DATOS DE OPCIÓN DEL USUARIO (OCLC)
Datos de opción del usuario Catalogación por copia / LCc
Holdings
Estado de retiro Estado de pérdida Restricciones de uso No para préstamo Código de colección Localización permanente Ubicación/localización actual Ubicación en estantería Fecha de adquisición Número de inventario Total de préstamos Signatura topográfica completa Código de barras Fecha visto por última vez Precio válido a partir de Tipo de ítem Koha
    Préstamo interno   Monografías: Libros y Folletos General General En catalogación 16.09.2009 LF1   738.27 N163k 1377-10 25.06.2020 25.06.2020 Préstamo interno

Powered by Koha